Riconosci la Squadra di calcio - Quiz n°151 - Statistics

Statistiche generali
  • Questo quiz è stato fatto 6 volte
  • Il punteggio medio è 7 su 10
Statistiche sulle risposte
Indizio Risposta % Corretto
Colori sociali Azzurro
100%
Simboli Pieve di Sant'Andrea
100%
Divisione nazionale 2023-2024 Prima
100%
Titoli nazionali 3 campionati di Serie B
83%
Trofei internazionali 0
67%
Capienza Stadio 16 800 posti
67%
Trofei nazionali 1 Coppe Italia Serie C/Lega Pro
67%
Fondazione 1920
50%
Squadra Empoli
50%
Confederazione UEFA
50%
Nessun quiz corrispondente trovato
Distribuzione punteggi
Percentuale di utenti per punteggio
Percentile per numero di risposta
I tuoi punteggi nel tempo
Non hai fatto questo quiz